| 000 | 00448nam a2200181Ia 4500 | ||
|---|---|---|---|
| 001 | 11595 | ||
| 005 | 20260306162839.0 | ||
| 008 | 260306t1996||||xx |||||||||||||| ||spa|| | ||
| 041 | _aESP | ||
| 082 |
_a985.4 _bG96 |
||
| 100 |
_aGutierrez, Ramón _eAUT |
||
| 245 | 0 |
_aLa Casa de Moral: _bun hito en la historia de Arequipa |
|
| 260 | _c1996 | ||
| 300 |
_a136 páginas : _c30 cm. |
||
| 650 | _aGEN | ||
| 654 | _aCHU | ||
| 942 |
_cLIB _dJUS _fJUS _2ddc _n |
||
| 999 |
_c11595 _d11595 |
||